<?xml version="1.0" encoding="UTF-8"?>
<record
    xmlns:xsi="http://www.w3.org/2001/XMLSchema-instance"
    xsi:schemaLocation="http://www.loc.gov/MARC21/slim http://www.loc.gov/standards/marcxml/schema/MARC21slim.xsd"
    xmlns="http://www.loc.gov/MARC21/slim">

  <leader>00590nam a22001577a 4500</leader>
  <controlfield tag="003">OSt</controlfield>
  <controlfield tag="005">20150917111617.0</controlfield>
  <controlfield tag="008">150917b        xxu||||| |||| 00| 0 eng d</controlfield>
  <datafield tag="040" ind1=" " ind2=" ">
    <subfield code="c">RUA</subfield>
  </datafield>
  <datafield tag="082" ind1=" " ind2=" ">
    <subfield code="a">AGR PON 2004 B030 Or.1</subfield>
  </datafield>
  <datafield tag="100" ind1=" " ind2=" ">
    <subfield code="9">663</subfield>
    <subfield code="a">PONG, LEANGON.</subfield>
  </datafield>
  <datafield tag="245" ind1=" " ind2=" ">
    <subfield code="a">farmer field school on watermelon in romdoul district svayrieng province (&#x179F;&#x17B6;&#x179B;&#x17B6;&#x179A;&#x17C0;&#x1793;&#x179F;&#x17D2;&#x179A;&#x17C2;&#x178A;&#x179F;&#x17B7;&#x1780;&#x179A;&#x179B;&#x17BE;&#x178A;&#x17C6;&#x178E;&#x17B6;&#x17C6;&#x17AA;&#x17A1;&#x17B9;&#x1780;&#x1793;&#x17C5;&#x179F;&#x17D2;&#x179A;&#x17BB;&#x1780;&#x179A;&#x17C6;&#x178A;&#x17BC;&#x179B; &#x1781;&#x17C1;&#x178F;&#x17D2;&#x178F;&#x179F;&#x17D2;&#x179C;&#x17B6;&#x1799;&#x179A;&#x17C0;&#x1784;)</subfield>
  </datafield>
  <datafield tag="260" ind1=" " ind2=" ">
    <subfield code="a">Phnom Penh</subfield>
    <subfield code="b">RUA</subfield>
    <subfield code="c">2004</subfield>
  </datafield>
  <datafield tag="300" ind1=" " ind2=" ">
    <subfield code="a">76p.</subfield>
    <subfield code="b">ill.</subfield>
    <subfield code="c">29cm.</subfield>
  </datafield>
  <datafield tag="942" ind1=" " ind2=" ">
    <subfield code="2">ddc</subfield>
    <subfield code="c">AGR</subfield>
  </datafield>
  <datafield tag="999" ind1=" " ind2=" ">
    <subfield code="c">640</subfield>
    <subfield code="d">640</subfield>
  </datafield>
  <datafield tag="952" ind1=" " ind2=" ">
    <subfield code="0">0</subfield>
    <subfield code="1">0</subfield>
    <subfield code="2">ddc</subfield>
    <subfield code="4">0</subfield>
    <subfield code="6">AGR_PON_2004_000000000000000_B030_OR_1</subfield>
    <subfield code="7">0</subfield>
    <subfield code="9">2784</subfield>
    <subfield code="a">LBB</subfield>
    <subfield code="b">LBB</subfield>
    <subfield code="d">2015-09-17</subfield>
    <subfield code="l">1</subfield>
    <subfield code="o">AGR PON 2004 B030 Or.1</subfield>
    <subfield code="p">RUA001112</subfield>
    <subfield code="r">2016-06-06</subfield>
    <subfield code="s">2016-05-17</subfield>
    <subfield code="w">2015-09-17</subfield>
    <subfield code="y">AGR</subfield>
  </datafield>
  <datafield tag="952" ind1=" " ind2=" ">
    <subfield code="0">0</subfield>
    <subfield code="1">0</subfield>
    <subfield code="2">ddc</subfield>
    <subfield code="4">0</subfield>
    <subfield code="6">AGR_PON_2004_000000000000000_B030_OR_2</subfield>
    <subfield code="7">0</subfield>
    <subfield code="9">2942</subfield>
    <subfield code="a">LBB</subfield>
    <subfield code="b">LBB</subfield>
    <subfield code="d">2015-09-18</subfield>
    <subfield code="l">1</subfield>
    <subfield code="o">AGR PON 2004 B030 Or.2</subfield>
    <subfield code="p">RUA001545</subfield>
    <subfield code="r">2016-09-02</subfield>
    <subfield code="s">2016-08-23</subfield>
    <subfield code="w">2015-09-18</subfield>
    <subfield code="y">AGR</subfield>
  </datafield>
  <datafield tag="952" ind1=" " ind2=" ">
    <subfield code="0">0</subfield>
    <subfield code="1">0</subfield>
    <subfield code="2">ddc</subfield>
    <subfield code="4">0</subfield>
    <subfield code="6">AGR_PON_2004_000000000000000_B030_OR_3</subfield>
    <subfield code="7">0</subfield>
    <subfield code="9">2943</subfield>
    <subfield code="a">LBB</subfield>
    <subfield code="b">LBB</subfield>
    <subfield code="d">2015-09-18</subfield>
    <subfield code="l">3</subfield>
    <subfield code="m">1</subfield>
    <subfield code="o">AGR PON 2004 B030 Or.3</subfield>
    <subfield code="p">RUA001500</subfield>
    <subfield code="r">2021-08-24</subfield>
    <subfield code="s">2021-06-14</subfield>
    <subfield code="w">2015-09-18</subfield>
    <subfield code="y">AGR</subfield>
  </datafield>
</record>
